000 00788nam a22002533 4500
001 22537
003 BD-RjUL
005 20211209000823.0
008 140308t1957 ru 000 1 und d
035 _a(BD-RJUL)22602
040 _aEQO
_cEQO
_beng
_dBD-RjUL
041 _aeng
082 0 4 _a891.73
_bSAT 1957
100 1 _aSaltîkov, Mikhail Evgrafovich.
_969580
245 1 0 _aTales from M. Saltykov-Shchedrin /
_c(tr. by D. Rottenberg, ed. by J. Gibbons).
260 _aMoscow :
_bForeign Language publishing,
_c1957
300 _a198 p ;
_c23 cm.
490 1 _aClassics of Russian literature
650 1 _a Tales -- Russia.
_969581
700 1 _aRottenberg, D.
_969582
700 1 _aGibbons, J.
_969583
830 0 _aClassics of Russian literature
_969591
942 _2ddc
_cBK
999 _c22537
_d22537